[Event "Vladimir Petrov Memorial op"]
[Site "Jurmala"]
[Date "2015.03.07"]
[Round "1"]
[White "Rapport, Richard"]
[Black "Volodins, Igors"]
[Result "1-0"]
[WhiteElo "2709"]
[BlackElo "2171"]
[PlyCount "71"]
[EventDate "2015.03.07"]
[EventType "swiss"]
[EventRounds "11"]
[EventCountry "LAT"]
[SourceTitle "CBM 165 Extra"]
[Source "ChessBase"]
[SourceDate "2015.04.21"]
[SourceVersion "1"]
[SourceVersionDate "2015.04.21"]
[SourceQuality "1"]

1. e4 e5 2. Nf3 Nc6 3. Nc3 Nf6 4. Bb5 Bc5 5. 0-0 d6 6. d4 exd4 7. Nd5 a6 8. Ba4 b5 9. Bb3 h6 10. Nxf6+ Qxf6 11. Bd5 Bd7 12. e5 dxe5 13. Nxe5 Nxe5 14. Bxa8 c6 15. Bb7 0-0 16. a4 Qg6 17. Bf4 Bg4 18. f3 d3+ 19. Kh1 Nxf3 20. Qxd3 Qxd3 21. cxd3 Nd4 22. Be3 Bd7 23. Bxa6 Nb3 24. Bxc5 Nxc5 25. axb5 cxb5 26. d4 Nb3 27. Rad1 Rb8 28. Rfe1 Rb6 29. Bc8 Rd6 30. Bxd7 Rxd7 31. d5 Na5 32. Re8+ Kh7 33. Rb8 Nb7 34. d6 f5 35. Rxb7 Rxb7 36. d7 1-0

[Event "Baltija Cup op 7th"]
[Site "Palanga"]
[Date "2010.06.22"]
[Round "4"]
[White "Volodins, Igors"]
[Black "Setkauskas, Vaidas"]
[Result "1/2-1/2"]
[WhiteElo "2152"]
[BlackElo "2246"]
[PlyCount "85"]
[EventDate "2010.06.20"]
[EventType "swiss"]
[EventRounds "8"]
[EventCountry "LTU"]
[SourceTitle "EXT 2022"]
[Source "ChessBase"]
[SourceDate "2021.10.06"]
[SourceVersion "1"]
[SourceVersionDate "2021.10.06"]
[SourceQuality "1"]

1. Nf3 Nf6 2. c4 c6 3. d4 d5 4. e3 e6 5. Nbd2 Nbd7 6. Bd3 Bd6 7. 0-0 0-0 8. e4 e5 9. exd5 cxd5 10. cxd5 exd4 11. Ne4 Qb6 12. Nxd4 Bxh2+ 13. Kxh2 Qxd4 14. Nxf6+ Qxf6 15. Qh5 Qd6+ 16. Kg1 Nf6 17. Qh4 Qxd5 18. Rd1 Bf5 19. Bg5 Nd7 20. Bc4 Qc6 21. Rac1 Qg6 22. Bd5 Ne5 23. Be7 Rfe8 24. Bxb7 Rab8 25. Bd6 Rxb7 26. Bxe5 h6 27. Rd8 Qe6 28. Rxe8+ Qxe8 29. Qg3 Bg6 30. Qc3 f6 31. Bd4 Bf7 32. Qc8 Qxc8 33. Rxc8+ Kh7 34. Ra8 Bxa2 35. Rxa7 Rxa7 36. Bxa7 Kg6 37. Bc5 h5 38. b4 Bc4 39. Bf8 Kf7 40. Bc5 Ke6 41. g3 g6 42. f4 Kd5 43. Be7 1/2-1/2

[Event "Warsaw AIG Life rapid 8th"]
[Site "Warsaw"]
[Date "2008.12.20"]
[Round "2"]
[White "Miton, Kamil"]
[Black "Volodins, Igors"]
[Result "1-0"]
[WhiteElo "2604"]
[BlackElo "2152"]
[PlyCount "99"]
[EventDate "2008.12.20"]
[EventType "swiss (rapid)"]
[EventRounds "13"]
[EventCountry "POL"]
[SourceTitle "CBM 127 Extra"]
[Source "ChessBase"]
[SourceDate "2009.01.08"]
[SourceVersion "2"]
[SourceVersionDate "2009.01.28"]
[SourceQuality "1"]

1. d4 d6 2. Nf3 Nc6 3. c4 e5 4. Nc3 Nf6 5. g3 Be7 6. Bg2 0-0 7. 0-0 Re8 8. d5 Nb8 9. e4 a5 10. h3 Na6 11. Be3 Bf8 12. a3 Nc5 13. Nd2 b6 14. b4 Nb7 15. Qc2 g6 16. Kh2 Bg7 17. Rae1 axb4 18. axb4 Bd7 19. Ra1 Qe7 20. Nb5 Bxb5 21. cxb5 Rxa1 22. Rxa1 Rb8 23. Ra7 Ne8 24. h4 h5 25. Bh3 Kh7 26. Qc6 Nd8 27. Qd7 Qf8 28. Bg5 f6 29. Be3 Nb7 30. Be6 Nd8 31. Kg2 Kh8 32. Nf3 Kh7 33. Bh3 Nf7 34. Be6 Nd8 35. g4 Nxe6 36. Qxe6 hxg4 37. Qxg4 Bh6 38. h5 Qg7 39. Bxh6 Qxh6 40. hxg6+ Qxg6 41. Kg3 Qxg4+ 42. Kxg4 Kg6 43. Nh4+ Kf7 44. Nf5 Rd8 45. Kh5 Rd7 46. Kh6 Rd8 47. Kh7 Rd7 48. Ra8 Kf8+ 49. Kg6 Rf7 50. Rd8 1-0

[Event "Riga op"]
[Site "Riga"]
[Date "2004.08.15"]
[Round "1"]
[White "Starostits, Ilmars"]
[Black "Volodins, Igors"]
[Result "1-0"]
[WhiteElo "2469"]
[BlackElo "2138"]
[PlyCount "67"]
[EventDate "2004.08.15"]
[EventType "swiss"]
[EventRounds "9"]
[EventCountry "LAT"]
[SourceTitle "CBM 101 Extra"]
[Source "ChessBase"]
[SourceDate "2004.09.01"]
[SourceVersion "2"]
[SourceVersionDate "2004.09.01"]
[SourceQuality "1"]

1. e4 d6 2. d4 e5 3. Nf3 Nc6 4. c3 Nf6 5. Bd3 Be7 6. d5 Nb8 7. c4 0-0 8. Nc3 b6 9. h3 a5 10. g4 Na6 11. Be3 Ne8 12. Qe2 g6 13. 0-0-0 Ng7 14. Bh6 Kh8 15. Rdg1 f6 16. h4 Rf7 17. Nd2 Bf8 18. Nf1 Ne8 19. Be3 Kg8 20. Ng3 Nc5 21. Bc2 Ng7 22. f3 Ne8 23. Kb1 h6 24. g5 hxg5 25. hxg5 Rh7 26. Rxh7 Kxh7 27. Qh2+ Kg8 28. Nf5 Qd7 29. Bxc5 dxc5 30. Rh1 gxf5 31. Qh8+ Kf7 32. Ba4 b5 33. Bxb5 Qd8 34. Rh7+ 1-0